[Carta del Marqués de Pozoblanco sobre las ventajas de la navegación del Guadalquivir de Córdoba a Sevilla] (Record no. 189639)

MARC details
000 -LEADER
campo de control de longitud fija 00910ntmaa2200205 i 4500
001 - NÚMERO DE CONTROL
campo de control 189639
003 - IDENTIFICADOR DE NÚMERO DE CONTROL
campo de control ES-MaACL
005 - FECHA Y HORA DE LA ÚLTIMA TRANSACCIÓN
campo de control 20240518063047.0
008 - DATOS DE LONGITUD FIJA--INFORMACIÓN GENERAL
campo de control de longitud fija 190708q1740 sp 000 i spa d
040 ## - FUENTE DE CATALOGACIÓN
Centro/agencia transcriptor ES-MaACL
100 1# - ENTRADA PRINCIPAL--NOMBRE DE PERSONA
Nombre de persona Pozoblanco, Francisco Manuel de Velasco y Estrada,
Títulos y otros términos asociados al nombre Marqués de
9 (RLIN) 167182
Término indicativo de función/relación Autor
245 11 - MENCIÓN DEL TÍTULO
Título [Carta del Marqués de Pozoblanco sobre las ventajas de la navegación del Guadalquivir de Córdoba a Sevilla]
Medio [Manuscrito].
260 ## - PUBLICACIÓN, DISTRIBUCIÓN, ETC.
Fecha de publicación, distribución, etc. [ca. 1740]
300 ## - DESCRIPCIÓN FÍSICA
Extensión [5] páginas ;
Dimensiones 21 cm.
651 #4 - PUNTO DE ACCESO ADICIONAL DE MATERIA--NOMBRE GEOGRÁFICO
Nombre geográfico Guadalquivir (España, Río)-
Subdivisión geográfica Navegación.
9 (RLIN) 167183
852 4# - LOCALIZACIÓN
Ubicación ES-MaACL
Ubicación en estantería Sala Pardo Bazán
Donativo/Legado Legado de Federico de Botella y de Hornos
Número de control de estantería B-8924(29)
Encuadernación Encuadernado en un vol. facticio agrupado con el título en el lomo "España, geología, memorias y documentos varios 1 a 8"
942 ## - ELEMENTOS DE ENTRADA SECUNDARIOS (KOHA)
Tipo de ítem Koha Manuscrito
Suprimir en OPAC No
Holdings
Estatus retirado Estado de pérdida Estado de daño No para préstamo Colección Biblioteca de origen Biblioteca actual Ubicación en estantería Fecha de adquisición Fuente de adquisición Total de préstamos Signatura topográfica completa Código de barras Visto por última vez Precio de reemplazo Tipo de ítem Koha
        Manuscritos Biblioteca del Ateneo de Madrid Biblioteca del Ateneo de Madrid Sala Pardo Bazán 08/07/2019     B-8924(29) 1201006 23/02/2023 23/02/2023 Manuscrito